Paroles - Les oubliés - Gauvain Sers - Statistiques

Statistiques générales
  • Ce quiz a été pris 49 fois
  • Le résultat moyen est 190 sur 333
Statistiques - réponses
Paroles % Correct
la
100%
La
100%
le
100%
Le
100%
les
100%
Les
100%
oubliés
100%
de
97%
De
97%
est
97%
On
97%
on
97%
Ça
94%
ça
94%
par
94%
à
91%
À
91%
a
91%
loin
91%
Paris
91%
campagne
88%
paumés
88%
trop
88%
Ce
82%
école
82%
sa
79%
son
79%
cadet
76%
d'leurs
76%
soucis
76%
Devant
74%
portail
74%
primaire
74%
qui
74%
Qui
74%
se
74%
vert
74%
Il
71%
en
68%
instit
68%
qu'il
68%
Qu'il
68%
ces
65%
sait
65%
ses
65%
même
62%
Même
62%
des
59%
tout
59%
avec
56%
c'est
56%
Mais
56%
va
56%
d'suite
53%
pull
53%
que
53%
classes
50%
Dernière
50%
elle
50%
l'reconnait
50%
rentrée
50%
d'à
47%
fermeture
47%
laine
47%
future
44%
pleure
44%
d'en
41%
dernières
41%
du
41%
leur
41%
Leur
41%
manque
41%
pas
41%
Toujours
41%
un
41%
Un
41%
bien
38%
dans
38%
d'effectif
38%
dégaine
38%
deux
38%
c'qui
35%
motif
35%
élèves
32%
plus
32%
s'passe
32%
col
29%
paraît
29%
qu'le
29%
Cette
26%
triste
24%
bon-becs
21%
boulangère
21%
collent
21%
côté
21%
cris
21%
demande
21%
faire
21%
l'école
21%
marmots
21%
pour
21%
sont
21%
Sont
21%
tous
21%
Toute
21%
voisine
21%
30
18%
ait
18%
couteau
18%
c'qu'elle
18%
gâteau
18%
part
18%
pays
18%
sans
18%
silence
18%
suffit
18%
centre
15%
commercial
15%
face
15%
jamais
15%
médecins
15%
regrouper
15%
salle
15%
sur
15%
transforme
15%
troisième
15%
vouloir
15%
banques
12%
cantons
12%
fassent
12%
hautes
12%
malle
12%
ministère
12%
philosophie
12%
préau
12%
p'tite
12%
qu'on
12%
Qu'on
12%
sphères
12%
vie
12%
village
12%
ballons
9%
brillent
9%
cravatés
9%
enfant
9%
fenêtres
9%
l'instit
9%
mains
9%
patelin
9%
près
9%
Quand
9%
rond-points
9%
Y'a
9%
y'a
9%
Ceux
6%
ceux
6%
chiffres
6%
couloirs
6%
d'épicerie
6%
font
6%
gamins
6%
gens
6%
l'angoisse
6%
ni
6%
personne
6%
peur
6%
plein
6%
rue
6%
têtes
6%
tourner
6%
yeux
6%
construire
3%
craie
3%
doit
3%
écoles
3%
ferment
3%
lendemain
3%
l'terrain
3%
n'verront
3%
page
3%
prend
3%
principale
3%
sous-fifres
3%
souvent
3%
ville
3%
Aucun quiz correspondant
Distribution des résultats
% des personnes avec chaque résultat
Percentile par nombre de réponses
Votre historique - résultats
Vous n’avez pas pris ce quiz